| 000 | 00458nam a2200145 a 4500 | ||
|---|---|---|---|
| 008 | 120416s0000 ||||||||||||||||| || u | ||
| 020 | _a0709181647 | ||
| 050 | _aPR 6066.H4P4 | ||
| 100 | _aPhillips, Leon | ||
| 245 | 1 | 4 | _aThe phoenix reaction |
| 260 |
_aLondon _bRobert Hale _c1980 |
||
| 300 | _a192p. | ||
| 350 | _a0.00 | ||
| 995 |
_D0.00 _FCBU-MAIN LIBRARY (Kitwe) _H1 _I10.00 _M1 _UAVAILABLE _ZFiction Collection |
||
| 999 |
_c53515 _d53515 |
||